000 00359cam a2200145ua 4500
003 OSt
008 250320b |||||||| |||| 00| 0 eng d
041 _aeng
082 _a623.81
_bBAX/NA
100 _aBaxter, B .
_97318
245 _aNaval architecture /
260 _aLondon :
_bThe English University Press Ltd ,
_c1959.
300 _a198 ; .
942 _cBK
999 _c6032
_d6032